MATCH THE UFC FIGHTER WITH THEIR COUNTRY - Statistics

General Stats
  • This quiz has been taken 830 times
  • The average score is 30 of 50
Answer Stats
Hint Answer % Correct
Paddy Pimblett England
85%
Kamaru Usman Nigeria
82%
Magomed Ankalaev Russia
82%
Dricus Du Plessis South Africa
82%
Ilia Topuria Georgia
80%
Shavkat Rakhmonov Kazakhstan
80%
Alexandre Pantoja Brazil
78%
Deiveson Figueiredo Brazil
77%
Sean O'Malley USA
76%
Conor McGregor Ireland
75%
Charles Oliveira Brazil
74%
Merab Dvalishvili Georgia
72%
Leon Edwards England
71%
Dominick Cruz USA
71%
Stipe Miocic USA
70%
Ciryl Gane France
69%
Henry Cejudo USA
69%
Alex Volkanovski Australia
68%
Brandon Moreno Mexico
68%
Sergey Pavlovich Russia
68%
Marvin Vettori Italy
67%
Yair Rodriguez Mexico
66%
Aljamain Sterling USA
66%
Jiri Prochazka Czech Republic
65%
Dominick Reyes USA
64%
Ian Garry Ireland
63%
Jan Blachowicz Poland
63%
Belal Muhammad USA
63%
Arman Tsarukyan Armenia
62%
Israel Adesanya Nigeria
61%
Johnny Walker Brazil
60%
Jailton Almeida Brazil
59%
Beneil Dariush USA
57%
Robert Whittaker Australia
56%
Marlon Vera Ecuador
55%
Kai Kara-France New Zealand
55%
Mateusz Gamrot Poland
54%
Rafael Fiziev Azerbaijan
53%
Tai Tuivasa Australia
52%
Giga Chikadze Georgia
51%
Arnold Allen England
49%
Paul Craig Scotland
45%
Roman Dolidze Georgia
40%
Khamzat Chimaev Sweden
38%
Jack Hermansson Sweden
37%
Dan Hooker New Zealand
36%
Muhammad Mokaev England
34%
Aleksandar Rakic Austria
24%
Volkan Oezdemir Switzerland
24%
Nikita Krylov Ukraine
24%
No matching quizzes found
Score Distribution
Percent of People with Each Score
Percentile by Number Answered
Your Score History
You have not taken this quiz